PHARMA MARKETING MANAGEMENT : B.PHARMA, 8TH SEMESTER (Record no. 8719)

MARC details
000 -LEADER
fixed length control field 00481nam a22001817a 4500
005 - DATE AND TIME OF LATEST TRANSACTION
control field 20241001122738.0
008 - FIXED-LENGTH DATA ELEMENTS--GENERAL INFORMATION
fixed length control field 240930b |||||||| |||| 00| 0 eng d
020 ## - INTERNATIONAL STANDARD BOOK NUMBER
ISBN 978-93-90570-06-5
041 ## - LANGUAGE CODE
Language code of text/sound track or separate title eng
082 ## - DEWEY DECIMAL CLASSIFICATION NUMBER
Classification number 338.47
100 ## - MAIN ENTRY--AUTHOR NAME
Personal name KATARIA DR. RITU
245 ## - TITLE STATEMENT
Title PHARMA MARKETING MANAGEMENT : B.PHARMA, 8TH SEMESTER
250 ## - EDITION STATEMENT
Edition statement 1ST ED. 2021
260 ## - PUBLICATION, DISTRIBUTION, ETC. (IMPRINT)
Place of publication LUCKNOW
Name of publisher THAKUR PUBLICATION PVT.LTD
300 ## - PHYSICAL DESCRIPTION
Number of Pages 296;P
650 ## - SUBJECT ADDED ENTRY--TOPICAL TERM
Topical Term PHARMACY
General subdivision B.PHARMA
942 ## - ADDED ENTRY ELEMENTS (KOHA)
Koha item type Books
Holdings
Lost status Damaged status Collection code Home library Current library Shelving location Date acquired Source of acquisition Cost, normal purchase price Serial Enumeration / chronology Full call number Accession Number Koha item type
    PHARMACY JRU Library JRU Library SHELF-3-D 30/09/2024 PURCHASE 250.00 NEW ARRIVALS SHELF 338.47 28626 Books
    PHARMACY JRU Library JRU Library Shelf - 22- E 30/09/2024 PURCHASE 250.00   338.47 28627 Books
    PHARMACY JRU Library JRU Library Shelf - 22- E 30/09/2024 PURCHASE 250.00   338.47 28628 Books